| 000 | 01131nam a2200229Ia 4500 | ||
|---|---|---|---|
| 003 | OSt | ||
| 005 | 20210716122252.0 | ||
| 008 | 210310s1977 ck gr 000 0 spa d | ||
| 040 |
_aCO-JMCR _cCO-JMCR |
||
| 041 | _aspa | ||
| 082 | 0 | 4 |
_a332.4986 / _bA837b _223 |
| 111 | 2 |
_aConvención Bancaria y de Instituciones Financieras _n(15 : _d1977 : _cCartagena, Colombia) _938528 |
|
| 245 | 1 | 0 |
_aBanca 77 / _c[Memoria de la XV Convención Bancaria y de Instituciones Financieras] ; Asociación Bancaria de Colombia. |
| 260 |
_a[Cartagena, Colombia] : _bPresencia, _c1977 |
||
| 300 |
_a104 páginas ; _c23 cm |
||
| 505 | 0 |
_tLa Banca ante la situación nacional. / _rEduardo Arias Robledo. -- _tUna economía en Interinidad. / _rJorge Mejía Palacio. -- _tPresente y Perspectivas de la Situación Cafetera Arturo Gómez Jaramillo. América Latina y el Nuevo Orden Económico Internacional. / _rFelipe Herrera. |
|
| 650 | 1 | 4 |
_aBancos y banca _zColombia _926906 |
| 650 | 2 | 4 |
_aIndustria cafetalera _zColombia _938529 |
| 650 | 2 | 4 |
_aHistoria económica _zColombia _96882 |
| 710 | 0 |
_aAsociación Bancaria de Colombia. _98022 |
|
| 942 |
_2ddc _cBK |
||
| 999 |
_c11956 _d11956 |
||